[Event "Budapest Titan Cup 1st"]
[Site "Budapest"]
[Date "2017.01.07"]
[Round "2"]
[White "Rigo, Jozsef"]
[Black "Papp, Laszlo"]
[Result "1-0"]
[WhiteElo "1497"]
[BlackElo "1704"]
[PlyCount "79"]
[EventDate "2017.01.06"]
[EventType "swiss"]
[EventRounds "5"]
[EventCountry "HUN"]
[SourceTitle "CBM 176 Extra"]
[Source "ChessBase"]
[SourceDate "2017.03.02"]
[SourceVersion "1"]
[SourceVersionDate "2017.03.02"]
[SourceQuality "1"]

1. Nf3 d5 2. d4 e6 3. Bf4 Nf6 4. e3 a6 5. Nbd2 Nbd7 6. c4 Bb4 7. Qb3 c5 8. Bd3 Bxd2+ 9. Nxd2 0-0 10. 0-0 cxd4 11. exd4 Qa5 12. Rfd1 Re8 13. Bd6 e5 14. Bb4 Qc7 15. cxd5 e4 16. Be2 a5 17. d6 Qb6 18. Bc5 Qxb3 19. axb3 b6 20. Ba3 e3 21. fxe3 Rxe3 22. Bf3 Rb8 23. b4 Bb7 24. Bxb7 Rxb7 25. bxa5 b5 26. Bc5 Rb8 27. a6 Ne4 28. Nxe4 Rxe4 29. Re1 f5 30. Rxe4 fxe4 31. a7 Ra8 32. Ra6 Kf7 33. Rc6 Ke6 34. Rc7 h6 35. Bb4 Nf6 36. Rxg7 Nd5 37. Bc5 Nf6 38. Rg6 h5 39. Rg7 Nd7 40. Re7+ 1-0

[Event "Budapest Karacsonyi 7th"]
[Site "Budapest"]
[Date "2015.12.30"]
[Round "6"]
[White "Szurkos, Andras"]
[Black "Papp, Laszlo"]
[Result "0-1"]
[WhiteElo "1780"]
[BlackElo "1741"]
[PlyCount "120"]
[EventDate "2015.12.27"]
[EventType "swiss"]
[EventRounds "7"]
[EventCountry "HUN"]
[SourceTitle "CBM 170 Extra"]
[Source "ChessBase"]
[SourceDate "2016.02.25"]
[SourceVersion "1"]
[SourceVersionDate "2016.02.25"]
[SourceQuality "1"]

1. e4 c5 2. d4 cxd4 3. Nf3 d6 4. Nxd4 Nf6 5. Nc3 a6 6. Be2 e5 7. Nf3 Be7 8. h3 Nbd7 9. Bc4 b5 10. Bd5 Ra7 11. Be3 Rc7 12. g4 b4 13. Bxf7+ Kf8 14. Ng5 Nc5 15. Bxc5 bxc3 16. Bb6 h6 17. Ne6+ Bxe6 18. Bxe6 Qb8 19. Bxc7 Qxc7 20. b3 Nxe4 21. Qf3+ Nf6 22. Qa8+ Bd8 23. Qxa6 Ke7 24. Bf5 Rg8 25. Bg6 Rf8 26. 0-0 Nd5 27. Be4 Nf4 28. Kh2 d5 29. Bf5 Rf6 30. Qc8 g6 31. Qxc7+ Bxc7 32. Bc8 e4 33. Bb7 Be5 34. Rad1 Kd6 35. Kh1 g5 36. a4 Rf7 37. Bc8 Ne2 38. Bf5 Nd4 39. Rxd4 Bxd4 40. Rd1 Ke5 41. Kg2 Bc5 42. Re1 Rf6 43. a5 Bb4 44. f3 Bxa5 45. fxe4 d4 46. Rd1 Rd6 47. Rd3 Bb4 48. Bh7 Rf6 49. Bf5 Ra6 50. Rf3 Ra2 51. Kg3 Rxc2 52. Bh7 Rd2 53. Rf5+ Ke6 54. Bg8+ Kd7 55. Rb5 Bd6+ 56. e5 c2 57. Rd5 c1Q 58. Rxd6+ Ke7 59. Rf6 Qg1+ 60. Kf3 Qg2# 0-1

[Event "HUN-chT2 Maroczy 0708"]
[Site "Hungary"]
[Date "2007.10.14"]
[Round "1"]
[White "Toviskes, Antal"]
[Black "Papp, Laszlo"]
[Result "1-0"]
[WhiteElo "2048"]
[BlackElo "2109"]
[PlyCount "105"]
[EventDate "2007.10.14"]
[EventType "team"]
[EventRounds "11"]
[EventCountry "HUN"]
[SourceTitle "EXT 2009"]
[Source "ChessBase"]
[SourceDate "2008.11.26"]
[SourceVersion "1"]
[SourceVersionDate "2008.11.26"]
[SourceQuality "1"]
[WhiteTeam "Hajduboszormeny"]
[BlackTeam "Maroczy"]
[WhiteTeamCountry "HUN"]
[BlackTeamCountry "HUN"]

1. e4 e6 2. Qe2 c5 3. g3 Nc6 4. c3 Be7 5. Bg2 Nf6 6. Nf3 d5 7. d3 d4 8. c4 e5 9. 0-0 h6 10. Nbd2 Be6 11. Ne1 Qd7 12. a3 Bh3 13. Ndf3 Nh7 14. Kh1 Ng5 15. Nh4 Bxg2+ 16. Nexg2 0-0-0 17. Nf5 Bf8 18. Bd2 g6 19. Nfh4 Bd6 20. b4 Ne7 21. bxc5 Bxc5 22. Rfb1 Kb8 23. Rb5 Rc8 24. Rab1 Rc7 25. f4 Nh3 26. Nf3 exf4 27. Nxf4 g5 28. Nxh3 Qxh3 29. Ba5 b6 30. Bb4 a6 31. Bxc5 axb5 32. Bd6 bxc4 33. dxc4 Kb7 34. Bxc7 Kxc7 35. Nxd4 Rd8 36. Qb2 Nc8 37. Nb5+ Kb7 38. e5 Qg4 39. Nd6+ Kc7 40. Nxc8 Qf3+ 41. Kg1 Kxc8 42. Qxb6 Rd1+ 43. Rxd1 Qxd1+ 44. Kg2 Qc2+ 45. Kf3 Qxc4 46. Qd6 g4+ 47. Ke3 h5 48. Qb4 Qf1 49. Qc3+ Kb8 50. Qb2+ Kc8 51. Kd4 Kd7 52. Kc5 Qg1+ 53. Qd4+ 1-0

[Event "HUN-chT2 Maroczy 0607"]
[Site "Hungary"]
[Date "2007.04.15"]
[Round "8"]
[White "Papp, Laszlo"]
[Black "Jacso, Adam"]
[Result "0-1"]
[WhiteElo "2099"]
[BlackElo "2142"]
[PlyCount "68"]
[EventDate "2006.11.12"]
[EventType "team"]
[EventRounds "11"]
[EventCountry "HUN"]
[SourceTitle "EXT 2008"]
[Source "ChessBase"]
[SourceDate "2007.11.25"]
[SourceVersion "1"]
[SourceVersionDate "2007.11.25"]
[SourceQuality "1"]
[WhiteTeam "Maroczy"]
[BlackTeam "Matra"]
[WhiteTeamCountry "HUN"]
[BlackTeamCountry "HUN"]

1. e4 c5 2. Nf3 Nc6 3. d4 cxd4 4. Nxd4 Nf6 5. Nc3 e5 6. Ndb5 d6 7. Bg5 a6 8. Bxf6 gxf6 9. Na3 b5 10. Nd5 f5 11. exf5 Bxf5 12. c3 Bg7 13. Nc2 Be6 14. Nce3 Ne7 15. Nxe7 Qxe7 16. Qf3 e4 17. Qxe4 d5 18. Qd3 b4 19. Be2 bxc3 20. bxc3 Rc8 21. Rc1 d4 22. Nf5 Bxf5 23. Qxf5 0-0 24. Rc2 Rc5 25. Qd3 dxc3 26. 0-0 a5 27. Qh3 Qg5 28. f4 Qf5 29. Qxf5 Rxf5 30. Rf3 Rd5 31. f5 Bd4+ 32. Kf1 Rb8 33. Bc4 Rb1+ 34. Ke2 Re5+ 0-1

[Event "HUN-chT2 Maroczy 0607"]
[Site "Hungary"]
[Date "2006.12.03"]
[Round "3"]
[White "Papp, Laszlo"]
[Black "Kovacs, Istvan"]
[Result "1/2-1/2"]
[WhiteElo "2099"]
[BlackElo "2235"]
[PlyCount "133"]
[EventDate "2006.11.12"]
[EventType "team"]
[EventRounds "11"]
[EventCountry "HUN"]
[SourceTitle "EXT 2008"]
[Source "ChessBase"]
[SourceDate "2007.11.25"]
[SourceVersion "1"]
[SourceVersionDate "2007.11.25"]
[SourceQuality "1"]
[WhiteTeam "Maroczy"]
[BlackTeam "Dunaharaszti"]
[WhiteTeamCountry "HUN"]
[BlackTeamCountry "HUN"]

1. e4 g5 2. d4 g4 3. Nc3 Nc6 4. Be3 d6 5. Be2 Nf6 6. Qd2 Bg7 7. 0-0-0 a6 8. Bh6 Rg8 9. Bxg7 Rxg7 10. f4 d5 11. e5 Ng8 12. Qe3 Bf5 13. Bd3 Nh6 14. Nge2 Bxd3 15. Qxd3 Nb4 16. Qe3 Nf5 17. Qf2 Qd7 18. a3 Nc6 19. Rd3 0-0-0 20. Ng3 Rg6 21. Nce2 Nxg3 22. Nxg3 f5 23. exf6 exf6 24. f5 Rg5 25. Re1 h5 26. Re6 h4 27. Ne2 Rf8 28. Rde3 Qh7 29. Re8+ Rxe8 30. Rxe8+ Kd7 31. Qe3 Qxf5 32. Rf8 Qe6 33. Qxe6+ Kxe6 34. Rh8 Rf5 35. Rxh4 Rf2 36. Kd1 Rf1+ 37. Kd2 f5 38. g3 Ne7 39. Nf4+ Kd7 40. Rh7 Kd6 41. Nd3 Nc6 42. c3 Na5 43. Ke2 Rh1 44. Nc5 b6 45. Nxa6 Nc4 46. Nxc7 Nxb2 47. Na8 Na4 48. Rh6+ Ke7 49. Ke3 Rf1 50. Nxb6 Rf3+ 51. Kd2 Nxb6 52. Rxb6 Rf2+ 53. Ke3 Rxh2 54. Kf4 Rf2+ 55. Kg5 Rf3 56. Rc6 Kd7 57. Rc5 Ke6 58. Rc6+ Kd7 59. Rf6 Rxg3 60. Rxf5 Ke6 61. Re5+ Kd6 62. Kf4 Rxc3 63. Rg5 Rf3+ 64. Kxg4 Rd3 65. Rg6+ Kc7 66. Kf5 Rxd4 67. Ke5 1/2-1/2

[Event "HUN-chT2 Maroczy 0607"]
[Site "Hungary"]
[Date "2006.11.12"]
[Round "1"]
[White "Berek, Geza"]
[Black "Papp, Laszlo"]
[Result "0-1"]
[WhiteElo "2093"]
[BlackElo "2099"]
[PlyCount "96"]
[EventDate "2006.11.12"]
[EventType "team"]
[EventRounds "11"]
[EventCountry "HUN"]
[SourceTitle "EXT 2008"]
[Source "ChessBase"]
[SourceDate "2007.11.25"]
[SourceVersion "1"]
[SourceVersionDate "2007.11.25"]
[SourceQuality "1"]
[WhiteTeam "DEAC"]
[BlackTeam "Maroczy"]
[WhiteTeamCountry "HUN"]
[BlackTeamCountry "HUN"]

1. e4 e6 2. d4 d5 3. Nd2 c5 4. exd5 Qxd5 5. Ngf3 cxd4 6. Bc4 Qc5 7. Qe2 Nc6 8. Nb3 Qb6 9. 0-0 Nf6 10. Bg5 Be7 11. Rad1 a5 12. a4 Bd7 13. Bb5 0-0 14. Nbxd4 Nxd4 15. Nxd4 Bxb5 16. Nxb5 Qc5 17. Be3 Qe5 18. f4 Qe4 19. Nc3 Qb4 20. Qb5 Ng4 21. Bd4 Rfd8 22. Bb6 Rxd1 23. Rxd1 Qxf4 24. g3 Qb4 25. Rd7 Bf6 26. Qxb4 axb4 27. Ne4 Rxa4 28. Rxb7 h6 29. Nxf6+ Nxf6 30. Ra7 Rxa7 31. Bxa7 Nd5 32. Bc5 f5 33. Bd6 g5 34. Kf2 Kf7 35. Ke2 Kf6 36. Kd3 e5 37. Kc4 Ne3+ 38. Kd3 Nf1 39. Bxb4 Nxh2 40. Ke2 e4 41. c4 f4 42. Bc3+ Ke6 43. gxf4 gxf4 44. b4 f3+ 45. Kf2 Ng4+ 46. Kg3 f2 47. Kg2 e3 48. Bd4 Nh2 0-1

[Event "HUN-chT2 Toth 0506"]
[Site "Hungary"]
[Date "2005.11.27"]
[Round "4"]
[White "Papp, Laszlo"]
[Black "Bona, Robert"]
[Result "1-0"]
[WhiteElo "2137"]
[BlackElo "1963"]
[PlyCount "67"]
[EventDate "2005.10.16"]
[EventType "team"]
[EventRounds "11"]
[EventCountry "HUN"]
[SourceTitle "EXT 2009"]
[Source "ChessBase"]
[SourceDate "2008.11.26"]
[SourceVersion "1"]
[SourceVersionDate "2008.11.26"]
[SourceQuality "1"]
[WhiteTeam "Maroczy"]
[BlackTeam "Bege"]
[WhiteTeamCountry "HUN"]
[BlackTeamCountry "HUN"]

1. e4 c5 2. Nf3 e6 3. d4 cxd4 4. Nxd4 Nc6 5. Nc3 Qc7 6. g3 Nf6 7. Bg2 a6 8. 0-0 Bc5 9. Nb3 Be7 10. Be3 b5 11. f4 d6 12. a4 b4 13. Nb1 Bb7 14. a5 Rc8 15. Bb6 Qb8 16. N1d2 0-0 17. Be3 Na7 18. Rc1 Nb5 19. Qe2 d5 20. e5 Nd7 21. Nf3 Nc5 22. Nfd4 Nxd4 23. Nxd4 Qc7 24. Ra1 Nd7 25. Rfc1 Qc4 26. Qf2 Qc7 27. c3 Qb8 28. Qe2 bxc3 29. bxc3 Rc4 30. Rab1 Ba3 31. Rc2 Qc7 32. Rxb7 Qxb7 33. Qxc4 Qb1+ 34. Qf1 1-0

[Event "HUN-chT2 Toth 0506"]
[Site "Hungary"]
[Date "2005.10.16"]
[Round "1"]
[White "Csuri, Laszlo"]
[Black "Papp, Laszlo"]
[Result "0-1"]
[WhiteElo "2122"]
[BlackElo "2137"]
[PlyCount "100"]
[EventDate "2005.10.16"]
[EventType "team"]
[EventRounds "11"]
[EventCountry "HUN"]
[SourceTitle "EXT 2009"]
[Source "ChessBase"]
[SourceDate "2008.11.26"]
[SourceVersion "1"]
[SourceVersionDate "2008.11.26"]
[SourceQuality "1"]
[WhiteTeam "Vasarhelyi"]
[BlackTeam "Maroczy"]
[WhiteTeamCountry "HUN"]
[BlackTeamCountry "HUN"]

1. e4 e6 2. d4 d5 3. Nc3 Bb4 4. e5 c5 5. Bd2 a6 6. a3 Bxc3 7. Bxc3 cxd4 8. Bxd4 Nc6 9. f4 Nxd4 10. Qxd4 Ne7 11. Bd3 0-0 12. Nf3 Nc6 13. Qe3 f5 14. c3 Bd7 15. 0-0 Rc8 16. Nd4 Na5 17. Rad1 b5 18. Rf2 Nb7 19. Qh3 Nc5 20. g4 Nxd3 21. Rxd3 fxg4 22. Qxg4 Qe7 23. Rg3 Rce8 24. Qg5 Rf7 25. Qxe7 Rfxe7 26. Nb3 Rc8 27. Rd2 Rf7 28. Rd4 Kh8 29. Kf2 Rf5 30. Ke3 h6 31. Nc1 Kh7 32. Rd2 Rc4 33. Rd4 g5 34. Rxc4 dxc4 35. fxg5 Rxe5+ 36. Kf2 hxg5 37. Ne2 Rf5+ 38. Rf3 Kg6 39. Nd4 Rf6 40. Rxf6+ Kxf6 41. Nc2 Kf5 42. Ke3 e5 43. Nb4 Bc8 44. Nd5 Bb7 45. Nb6 Bc6 46. a4 Kg4 47. axb5 axb5 48. Nc8 Kh3 49. Ne7 Bb7 50. Ng6 e4 0-1

[Event "Zalakaros op 24th"]
[Site "Zalakaros"]
[Date "2005.05.22"]
[Round "3"]
[White "Papp, Laszlo"]
[Black "Bylino, Oleg"]
[Result "0-1"]
[WhiteElo "2214"]
[BlackElo "2298"]
[PlyCount "48"]
[EventDate "2005.05.20"]
[EventType "swiss"]
[EventRounds "9"]
[EventCountry "HUN"]
[SourceTitle "EXT 2007"]
[Source "ChessBase"]
[SourceDate "2006.11.23"]
[SourceVersion "1"]
[SourceVersionDate "2006.11.23"]
[SourceQuality "1"]

1. e4 d6 2. d4 Nf6 3. Nc3 g6 4. f3 c6 5. Be3 b5 6. a3 Nbd7 7. d5 cxd5 8. Bxb5 Bg7 9. exd5 Rb8 10. Nge2 a6 11. Bc6 Qc7 12. Bd4 0-0 13. b4 Nb6 14. b5 e6 15. dxe6 Bxe6 16. a4 Nc4 17. 0-0 Ne5 18. Ne4 Nxe4 19. Bxe4 axb5 20. a5 Bc4 21. Bb6 Qe7 22. Rb1 Ng4 23. Nf4 Qe5 24. Nd3 Qxh2# 0-1

[Event "HUN-ch Seniors"]
[Site "Ajka"]
[Date "2005.03.27"]
[Round "7"]
[White "Papp, Laszlo"]
[Black "Szurovszky, Elek"]
[Result "1-0"]
[WhiteElo "2214"]
[BlackElo "2153"]
[PlyCount "59"]
[EventDate "2005.03.24"]
[EventType "swiss"]
[EventRounds "7"]
[EventCountry "HUN"]
[SourceTitle "EXT 2008"]
[Source "ChessBase"]
[SourceDate "2007.11.25"]
[SourceVersion "1"]
[SourceVersionDate "2007.11.25"]
[SourceQuality "1"]

1. e4 e5 2. Nf3 Nc6 3. d4 exd4 4. Nxd4 Bc5 5. Be3 Qf6 6. c3 Nge7 7. Nc2 Bxe3 8. Nxe3 Qh4 9. Nd2 d6 10. g3 Qh6 11. Bg2 0-0 12. Ndc4 Kh8 13. 0-0 Bh3 14. f4 Bxg2 15. Kxg2 f5 16. exf5 Nxf5 17. Nxf5 Rxf5 18. Ne3 Rf7 19. Qb3 Re7 20. Rae1 Rae8 21. Qxb7 d5 22. Qa6 Qg6 23. f5 Qh6 24. Rf4 Re4 25. Rxe4 dxe4 26. Qc4 Qh5 27. Qxc6 h6 28. Ng4 Rb8 29. Qxe4 Rxb2+ 30. Re2 1-0

[Event "HUN-chT2 Maroczy 0405"]
[Site "Hungary"]
[Date "2004.10.10"]
[Round "2"]
[White "Kincs, Imre"]
[Black "Papp, Laszlo"]
[Result "1-0"]
[WhiteElo "2251"]
[BlackElo "2214"]
[PlyCount "109"]
[EventDate "2004.09.26"]
[EventType "team"]
[EventRounds "11"]
[EventCountry "HUN"]
[SourceTitle "EXT 2008"]
[Source "ChessBase"]
[SourceDate "2007.11.25"]
[SourceVersion "1"]
[SourceVersionDate "2007.11.25"]
[SourceQuality "1"]
[WhiteTeam "Penzugyor"]
[BlackTeam "Hodmezovasarhely"]
[WhiteTeamCountry "HUN"]
[BlackTeamCountry "HUN"]

1. d4 f5 2. g3 g6 3. Bg2 Nf6 4. c4 Bg7 5. Nc3 0-0 6. h4 d6 7. Nh3 Nc6 8. d5 Ne5 9. b3 Nh5 10. Qc2 e6 11. Bg5 Nf6 12. dxe6 c6 13. Rd1 Bxe6 14. Nf4 Bf7 15. h5 Qa5 16. 0-0 Nxh5 17. Nxh5 gxh5 18. Nb1 Bg6 19. Be7 Rf7 20. Bxd6 f4 21. Qd2 Qxd2 22. Rxd2 fxg3 23. f4 Ng4 24. e4 Ne3 25. f5 Nxf1 26. Bxf1 Bxf5 27. exf5 Rd8 28. Bh3 Bh6 29. Rd3 Bf4 30. c5 Rf6 31. Nc3 Bxd6 32. cxd6 Rfxd6 33. Rxg3+ Kf8 34. Ne4 Rd1+ 35. Kh2 Re1 36. Ng5 Re2+ 37. Bg2 Rd5 38. Nxh7+ Kf7 39. f6 Rf5 40. Rg7+ Ke8 41. Rxb7 Rxa2 42. Kg3 Rc2 43. Be4 Rc3+ 44. Kh4 Rf2 45. f7+ Kd8 46. f8Q+ Rxf8 47. Nxf8 a5 48. Bf5 a4 49. Ne6+ Kc8 50. Nc5+ Kd8 51. Nxa4 Rc1 52. Be4 c5 53. Nb6 Rd1 54. Kxh5 Rd4 55. Bd5 1-0